| 000 | 01227nam a2200241 i 4500 | ||
|---|---|---|---|
| 001 | 153660 | ||
| 003 | ES-MaACL | ||
| 005 | 20230906205329.0 | ||
| 008 | 000414m18861888sp |||| | spa d | ||
| 040 |
_aCAM _bspa _cCAM |
||
| 245 | 0 | 0 |
_aEnfermedades del sistema nervioso / _cpor E. Nothnagel ...[et al.]; versión española del Dr. Francisco Vallina. |
| 260 |
_aMadrid : _b[s.n.], _c1886-1888 ( _fImprenta Central á cargo de Víctor Saiz) |
||
| 300 |
_a6 v. ; _c24 cm. |
||
| 490 | 1 |
_aTratado enciclopédico de patología médica y terapéutica / publicado bajo la dirección del Dr. H. Ziemssen ; _v4, 5, 6, 7, 8, 9 |
|
| 596 | _aLos t. II-VI impresos por: establecimiento tipográfico "Sucesores de Rivadeneyra" | ||
| 597 | _aVol.I (798 p.) -- Vol. II (702 p.) -- Vol. III (999 p.) -- Vol. IV (920 p.) -- Vol. V (952 p.) -- Vol. VI (954 p.) | ||
| 650 | 4 |
_aSistema nervioso- _xEnfermedades. _917135 |
|
| 700 | 1 | 1 |
_aNothnagel, E. _9130527 |
| 700 | 1 |
_aVallina, Francisco. _9133527 |
|
| 830 | 0 |
_aTratado enciclopédico de patología médica y terapéutica / publicado bajo la dirección del Dr. H. Ziemssen ; _v4, 5, 6, 7, 8, 9 _9187771 |
|
| 852 |
_aES-MaACL _jB-12223-28 _z-- Enc. pasta española |
||
| 999 |
_c153660 _d153660 |
||